000 00632nam a22002057a 4500
003 OSt
005 20251023062921.0
008 250924b |||||||| |||| 00| 0 eng d
020 _a978-1-84392-259-9.
040 _aDWCL-Main lib
_cOC
082 _aCirc. 364.3 P152p 2007
100 _aPakes, Francis
245 _aPsychology and crime :
_bunderstanding and tackling offending behavior
260 _aUK :
_bWillan Pub.,
_cc2007.
300 _axvi, 237 pages ;
_c23 cm.
504 _aIncludes bibliographical references and index.
650 _21. Criminal psychology.
700 _aWinston, Jane
942 _2ddc
_cBK-CIRC
_kCirc.
_n0
999 _c4527
_d4527